LEADER 01094nam a2200253 i 4500 001 000000144060 003 CaOOAMICUS 005 20051019000000.0 008 051019s1970 it u000 u ita u 013 $a119418 040 $aSeMil$bita 100 1 $aZoffoli, Enrico.$0(OLS)http://semarc/name/13360 245 13$aLe monache passioniste :$bstoria e spiritualitą /$cP. Enrico Zoffoli C. P. 260 $a(Padova) :$bIl crivello,$ccopyr. 1970. 300 $a700 p., [55] p. di tav. ;$c22 cm. 490 0 $aSpirito nella veritą ;$v1 500 $aContiene : Bibliografia ; Appendici ; Indice delle illustrazioni. 650 4$aSuore Passioniste.$0(OLS)http://semarc/subject/5820 830 0$aSpirito nella veritą ;$v1.$0(OLS)http://semarc/title/19213 850 $aSeMil 852 $aSeMil$W1$xVenegono$y1$m1268 1 1 *$j97034$B97034$CSeMilBibl$Z2$F104691 $81 961 $aRecupero: Biblioteca Seminario Saronno 996 $6245$aLe monache passioniste :$bstoria e spiritualitą$9(OLS)http://semarc/title/210725 996 $6260$a(Padova) :$bIl crivello$9(OLS)http://semarc/publisher/33922 LEADER 01269nam a2200229 i 4500 001 000000232311 003 CaOOAMICUS 005 20140825000000.0 008 140825s1933 it u000 u lat u 013 $a211214 040 $aSeMil$bita 245 10$aTextus extrabiblici quibus historia populi Israel :$ba regni divisione usque ad exilium Babylonicum illustratur /$c[quam curavit P. Alfredus Pohl]. 246 04$iTitolo in copertina:$aFontes extrabiblici ad S. Scripturam pertinentes. Appendix ad «Historiam populi Israel» 260 $aRomae :$bPontificium Institutum Biblicum,$c1933. 300 $a42 p. ;$c23 cm. 650 4$aIsraele - Storia.$0(OLS)http://semarc/subject/2482 700 1 $aPohl, Alfred,$c.$0(OLS)http://semarc/name/79174 850 $aSeMil 852 $aSeMil$W1$xVenegono$y1$m2Z IV 49$j182657$B182657$CSeMilBibl$Z2$F193678 $81 996 $6245$aTextus extrabiblici quibus historia populi Israel :$ba regni divisione usque ad exilium Babylonicum illustratur$9(OLS)http://semarc/title/331509 996 $6246$aFontes extrabiblici ad S. Scripturam pertinentes. Appendix ad «Historiam populi Israel»$9(OLS)http://semarc/title/331510 996 $6260$aRomae :$bPontificium Institutum Biblicum$9(OLS)http://semarc/publisher/31053